000
00277nam a22001217a 4500
020
_a
92-2-100011-7
082
_a
658.3 INT'R
245
_a
INTRODUCTION TO WORK STUDY
250
_a
REVISED
260
_a
USA
_b
INTERNATIONAL LABOUR OFFICE
_c
1974
300
_a
436P
942
_c
BK
999
_c
582397
_d
582397